Bomarzo

Enregistré dans:
Détails bibliographiques
Auteur principal: Mujica Lainez, Manuel (autor)
Format: Livre
Langue:espagnol
Publié: Barcelona Planeta 1987
Édition:5a. ed
Collection:Seix Barral. Biblioteca Breve
Sujets:
Tags: Ajouter un tag
Pas de tags, Soyez le premier à ajouter un tag!

MARC

LEADER 00000nam a2200000 a 4500
001 UCH0323
003 CL-VaPUC
008 090306e19870000SP |||||||||||||||||spa|d
082 0 4 |a Ar863  |b MUJ  |2 21 
100 |a Mujica Lainez, Manuel  |e autor  |9 329588 
245 1 0 |a Bomarzo 
250 |a 5a. ed 
300 |a 675 p 
942 |c BK 
945 |d 20090306 00:00:00  |a cmena 
260 |a Barcelona  |b Planeta  |c 1987 
650 0 |a Novelas argentinas  |9 267871 
650 0 |a Novelas históricas   |9 342315 
650 0 |a Literatura argentina  |9 320596 
583 |a last modification  |c 20130105 12:29:52  |k Rodrigo Vera 
490 0 |a Seix Barral. Biblioteca Breve 
999 |c 332656  |d 332654 
952 |0 0  |1 0  |4 0  |6 AR_863_000000000000000_MUJ_1987  |7 0  |8 A  |9 420512  |a BIBEDU  |b BIBEDU  |d 2019-11-22  |i 451971K  |o Ar863 MUJ 1987  |p 451971K  |r 2019-11-22  |w 2019-11-22  |y BK  |k LIT